The levels of androgens in rat prostate and serum after castration

Elmentve itt :
Bibliográfiai részletek
Szerzők: Szécsi Mihály
Toth I
Faredin I
Dokumentumtípus: Cikk
Megjelent: 1995
Sorozat:ENDOCRINE REGULATIONS 29 No. 2
Tárgyszavak:
mtmt:1174742
Online Access:http://publicatio.bibl.u-szeged.hu/32484
LEADER 00706nab a2200217 i 4500
001 publ32484
005 20250310084152.0
008 250310s1995 hu o 000 eng d
022 |a 1210-0668 
024 7 |a 1174742  |2 mtmt 
040 |a SZTE Publicatio Repozitórium  |b hun 
041 |a eng 
100 1 |a Szécsi Mihály 
245 1 4 |a The levels of androgens in rat prostate and serum after castration  |h [elektronikus dokumentum] /  |c  Szécsi Mihály 
260 |c 1995 
300 |a 107-113 
490 0 |a ENDOCRINE REGULATIONS  |v 29 No. 2 
650 4 |a Klinikai orvostan 
700 0 1 |a Toth I  |e aut 
700 0 1 |a Faredin I  |e aut 
856 4 0 |u http://publicatio.bibl.u-szeged.hu/32484/1/aok_klny_201_95.pdf  |z Dokumentum-elérés